Standardize Test preparation, 2 / (Record no. 105040)
[ view plain ]
| 000 -LEADER | |
|---|---|
| fixed length control field | 00352nam a2200133 a 4500 |
| 005 - DATE AND TIME OF LATEST TRANSACTION | |
| control field | 20140412111336.0 |
| 008 - FIXED-LENGTH DATA ELEMENTS--GENERAL INFORMATION | |
| fixed length control field | 041026s19uu xx 00 eng d |
| 050 ## - LIBRARY OF CONGRESS CALL NUMBER | |
| Classification number | TR(GS 372 |
| Item number | ADA 2000 |
| 100 ## - MAIN ENTRY--PERSONAL NAME | |
| Personal name | Adams, Marilyn |
| 245 ## - TITLE STATEMENT | |
| Title | Standardize Test preparation, 2 / |
| Statement of responsibility, etc | Marilyn Adams. |
| 260 ## - PUBLICATION, DISTRIBUTION, ETC. (IMPRINT) | |
| Name of publisher, distributor, etc | McGraw-Hill, |
| Date of publication, distribution, etc | 2000. |
| 300 ## - PHYSICAL DESCRIPTION | |
| Extent | 52 p. |
| Withdrawn status | Lost status | Damaged status | Use restrictions | Home library | Current library | Shelving location | Date acquired | Source of acquisition | Total Checkouts | Full call number | Barcode | Date last seen | Price effective from | Koha item type |
|---|---|---|---|---|---|---|---|---|---|---|---|---|---|---|
| Elizalde Library | Elizalde Library | Teachers Reference Section | 10/26/2004 | TR(GS 372 ADA 2000 | E9319 | 04/12/2014 | 04/12/2014 | Books |